000 00494nam a22001337a 4500
005 20241129104819.0
008 241011b |||||||| |||| 00| 0 eng d
100 _aWatson, Elizabeth.
_eauthor.
_962781
245 _aOne teacher's experience :
_bduring the covid-19 school closures /
_cElizabeth Watson.
260 _aWashington;
_bTaylor & Francis Group,
_cMay-June 2020.
300 _aVolume 96, pages 42-45,
_billustration.
700 _aWatson, Elizabeth.
_eauthor.
_962782
942 _2ddc
_cPER
999 _c22485
_d22485